Etudes et exercices techniques pour la Flute

Saved in:
Bibliographic Details
Main Author: Moyse, Marcel (auteur)
Format: Book
Language:French
English
German
Japanese
Published: París Alphonse Leduc 1921
Subjects:
Tags: Add Tag
No Tags, Be the first to tag this record!

MARC

LEADER 00000cam a2200000 a 4500
001 UCF6746
003 CL-VaPUC
008 130516e19210000FR |||||||||||||||||fre|d
020 |a 9790046164439 
041 0 7 |a fre  |2 CL-VaPUC 
041 0 7 |a eng  |2 CL-VaPUC 
041 0 7 |a ger  |2 CL-VaPUC 
041 0 7 |a jpn  |2 CL-VaPUC 
082 0 4 |a Ft784.18949  |b MOY  |2 21 
100 |a Moyse, Marcel  |e auteur  |9 568770 
245 1 0 |a Etudes et exercices techniques pour la Flute 
246 1 0 |a Studies and technical exercises for Flute 
246 1 0 |a Etuden und technische ubungen fur Flote 
300 |a 22 p 
942 |c BK 
945 |d 20130516 00:00:00  |a dcastane 
260 |a París  |b Alphonse Leduc  |c 1921 
650 0 |a Música para flauta  |9 324699 
650 7 |a EJERCICIOS MUSICALES  |2 CL-VaPUC  |9 459948 
650 0 |a Técnicas de ejecución  |9 323937 
583 |a last modification  |c 20130516 09:57:00  |k Rodrigo Vera 
999 |c 351852  |d 351850 
952 |0 0  |1 0  |4 0  |6 FT_784_189490000000000_MOY_1921  |7 0  |8 X  |9 456232  |a BIBEDU  |b BIBEDU  |d 2019-11-22  |i 4970934  |o Ft784.18949 MOY 1921  |p 4970934  |r 2023-11-22  |w 2019-11-22  |y BK_X  |k MUS